Chất thải trong quá trình sản xuất và vấn đề bảo vệ môi trường

Khái niệm cơ bản về chất thải trong sản xuất. Ảnh hưởng của nó tới môi trường. Các văn bản pháp lý về kiểm soát chất thải và bảo vệ môi trường. Các giải pháp xử lý chất thải

Gardado en:
Detalles Bibliográficos
Autor Corporativo: Cục Bảo vệ Môi trường
Outros autores: Lê Vân Trình (ch.b.), Phạm Văn Hải (b.s.), Nguyễn Thị Trung (b.s.), Bùi Hồng Quang (b.s.), Nguyễn Thắng Lợi (b.s.)
Formato: Libro
Idioma:Vietnamese
Publicado: H. Lao động 2004
Những chủ đề:
Các nhãn: Engadir etiqueta
Sen Etiquetas, Sexa o primeiro en etiquetar este rexistro!
Thư viện lưu trữ: Mạng thư viện Đại học Đà Nẵng
LEADER 01755nam a2200397 4500
001 000009241
003 5436
005 20111026151013.0
008 111025s2004 viesd
041 0 |a vie 
082 |a 363.728  |b CUC 
110 |a Cục Bảo vệ Môi trường 
245 0 |a Chất thải trong quá trình sản xuất và vấn đề bảo vệ môi trường  |c B.s.: Lê Vân Trình (ch.b.), Phạm Văn Hải, Nguyễn Thị Trung, Nguyễn Thắng Lợi, Bùi Hồng Quang, Nguyễn Ngọc Hoàn 
260 |a H.  |b Lao động  |c 2004 
300 |a 123tr.  |b hình vẽ, bảng  |c 19 cm 
500 |a ĐTTS ghi: Bộ Tài nguyên và Môi trường. Cục Bảo vệ Môi trường 
504 |a Thư mục: tr. 118-119 
520 |a Khái niệm cơ bản về chất thải trong sản xuất. Ảnh hưởng của nó tới môi trường. Các văn bản pháp lý về kiểm soát chất thải và bảo vệ môi trường. Các giải pháp xử lý chất thải 
653 |a Chất thải 
653 |a Môi trường 
700 |a Lê Vân Trình  |e ch.b. 
700 |a Phạm Văn Hải  |e b.s. 
700 |a Nguyễn Thị Trung  |e b.s. 
700 |a Bùi Hồng Quang  |e b.s. 
700 |a Nguyễn Thắng Lợi  |e b.s. 
910 |a Võ Quang Huy  |d 25/10/2011 
OWN |a LSP 
AVA |a UDN50  |b LSP  |d 363.728 CUC  |e available  |t Error 5001 Not defined in file expand_doc_bib_avail.  |f 1  |g 0  |h N  |i 0  |k 1 
999 |a From the UDN01 
AVA |a UDN50  |b LSP  |d 363.728 CUC  |e available  |t Error 5001 Not defined in file expand_doc_bib_avail.  |f 1  |g 0  |h N  |i 0  |k 1 
TYP |a Monograph 
TYP |a Printed language 
980 |a Mạng thư viện Đại học Đà Nẵng